Statistics for Bottom 25 Countries by GDP

Click here to take the quiz!

General Stats

  • This quiz has been taken 19 times
  • The average score is 19 of 25

Answer Stats

GDPCountry% Correct
$102,000,000Nauru
95%
$1,379,000,000Saint Lucia
89%
$771,000,000Saint Vincent and the Grenadines
89%
$786,000,000Samoa
89%
$34,000,000Tuvalu
89%
$617,000,000Comoros
84%
$1,016,000,000Grenada
84%
$166,000,000Kiribati
84%
$293,000,000Palau
84%
$917,000,000Saint Kitts and Nevis
84%
$774,000,000Vanuatu
84%
$525,000,000Dominica
79%
$183,000,000Marshall Islands
79%
$1,202,000,000Solomon Islands
79%
$1,449,000,000Antigua and Barbuda
74%
$1,617,000,000Cape Verde
74%
$322,000,000Federated States of Micronesia
74%
$395,000,000Tonga
74%
$351,000,000Sao Tome and Principe
68%
$1,427,000,000Seychelles
68%
$1,417,000,000Timor-Leste
68%
$1,589,000,000Djibouti
58%
$965,000,000The Gambia
58%
$1,756,000,000Central African Republic
42%
$1,126,000,000Guinea-Bissau
42%

Score Distribution

Percentile by Number Answered

Percent of People with Each Score

Your Score History

You have not taken this quiz